Регионална библиотека "Любен Каравелов" - Русе

Изследвания върху критическата философия (Запис номер 59409)

MARC детайли
000 -Лидер
Контролно поле с фиксирана дължина 01304nam a2200349 a 4500
003 - Код на организацията, давaща контролен номер
Контролно поле BLK
005 - Дата и час на последна редакция
Контролно поле 20230808132002.0
008 - Елементи от данни с фиксирана дължина
fixed length control field 180408b bul|||||r ||||||| ||bul||
010 ## - Наследен системен номер
LC control number KNG00063502000
020 ## - Международен стандартен номер на книга ISBN
Международен стандартен номер на книга ISBN 954-07-0119-8
040 ## - Източник на каталожния запис
Идентификатор на билиотеката - собственик на записа BLK
041 ## - Код за език
Код за езика на текст/звукозапис или на отделно заглавие Български
Код за езика КДБФ Български
080 ## - УДК
Текстов определител УДК Обща история на философията
УДК код - определител по УДК 101(091)
УДК определител (430)
УДК - код + определител 101(091)(430)
080 ## - УДК
Текстов определител УДК Критицизъм
УДК код - определител по УДК 165.65
УДК - код + определител 165.65
100 1# - Редна дума - Автор
Автор Торбов, Цеко Николчов
Авторска отговорност първи автор
R(LIN) 364812
139 ## - Редно поле
Редна дума Торбов, Цеко Николчов
Авторски знак Тор - Т 75
245 10 - Сведения за заглавието
Заглавие Изследвания върху критическата философия
Редно поле (дума) Цеко Николчов Торбов.
257 ## - Страна на издаване
Страна на създаване/издаване България
260 ## - Област на издателските данни
Място на издаване, разпространение и проч. София
Име на издателя, разпространителя и проч. Унив. изд. Св. Климент Охридски
Година на издаване 1993
Печатница Перник : Полиграфия
300 ## - Физическа характеристика
Страници 263 с.
Размери/Мащаб 22 см
380 ## - Жанр
Жанр Философия
500 ## - Общи забележки
Забележка Библиогр. с. 249-253.
650 #4 - Допълнително описание по предмет – тема
Основно описание – тема или топоним Философия, немска класическа
9 (RLIN) 243069
653 ## - Ключова дума – ненормативна
Ключова дума философия
852 ## - Местоположение
Форматна сигнатура Цб 173383
Фондова буква Хранилище
856 4# - Електронен адрес и достъп
Електронен формат pdf - файл
Инструкция (цена за достъп) 0.00
Права за достъп disable
856 4# - Електронен адрес и достъп
Електронен формат pdf - файл
Инструкция (цена за достъп) 0.00
Права за достъп disable
999 ## - СИСТЕМНИ КОНТРОЛНИ НОМЕРА
Koha biblionumber 59409
Koha biblioitemnumber 59409
942 ## - АРТИКУЛИ
Вид на библиотечния материал Книги
Скрит в OPAC Не
Периодичен библиозапис Да
Koha issues (borrowed), all copies 1
944 ## - СЪЗДАВАНЕ И РЕДАКЦИЯ на ЗАПИСА
Създаване/Редакция Създаване
Дата на регистрацията/редакция 13.06.2004
Служител, извършил регистрацията/редакцията 30564
Статус, дата на статуса Галина Якимова
944 ## - СЪЗДАВАНЕ И РЕДАКЦИЯ на ЗАПИСА
Създаване/Редакция Редакция
Дата на регистрацията/редакция 10.05.2013
999 ## - СИСТЕМНИ КОНТРОЛНИ НОМЕРА
Koha biblioitemnumber 59409
Наличности
Код за отписване Код за изгубен артикул Източник на класификационната схема Код за повреда Коз за рестрикции Код за отдаване Артикулен № Име на библиотеката - собственик Име на библиотеката, в която се намира в момента Статус (Текущо местоположение) Дата на вписване в системата Местоположение - отдел Цена в лева Инвентарен номер Систематично азбучна сигнатура Баркод Номер на екземпляра Цена в евро Служебна бележка Служебен тип на артикула Бележка за публиката
  Не е изгубен Universal Decimal Classification Не е повреден без рестрикции ползва се в читалня 97021 Регионална библиотека "Любен Каравелов" Русе Регионална библиотека "Любен Каравелов" Русе Читалня 1993-01-01 Читалня 6.00 657544 Ч 101/Т 75 120000657544 1 3.07 Дост: Pk Вид: Ф N: стар фонд Дата: 01.01.1993 Дата инв: 21.03.2017 Бележки инв: Ч2017 Книги Отч.N: , Дата: 01.01.1993
  Не е изгубен Universal Decimal Classification Не е повреден без рестрикции ползва се в читалня 97022 Регионална библиотека "Любен Каравелов" Русе Регионална библиотека "Любен Каравелов" Русе Хранилище 1993-01-01 Хранилище 1.52 580443 Цб 173383 120000580443 2 0.78 Дост: Dp Вид: Д N: стар фонд Дата: 01.01.1993 Книги  
Изтеглен Не е изгубен Universal Decimal Classification Не е повреден без рестрикции заемане за дома 97023 Регионална библиотека "Любен Каравелов" Русе Регионална библиотека "Любен Каравелов" Русе Заемна - подръчен фонд 1993-01-01 Заемна - подръчен фонд 6.00 657540 П 101(091)/Т 75 657540 3 3.07 Дост: Pk Вид: Ф N: стар фонд Дата: 01.01.1993 Дата инв: 01.02.2018 Бележки инв: П2018 Книги  
  Не е изгубен Universal Decimal Classification Не е повреден без рестрикции заемане за дома 97024 Регионална библиотека "Любен Каравелов" Русе Регионална библиотека "Любен Каравелов" Русе Заемна - подръчен фонд 1993-01-01 Заемна - подръчен фонд 6.00 657541 П 101(091)/Т 75 120000657541 4 3.07 Дост: Pk Вид: Ф N: стар фонд Дата: 01.01.1993 Дата инв: 01.02.2018 Бележки инв: П2018 Книги  
Изтеглен Не е изгубен Universal Decimal Classification Не е повреден без рестрикции заемане за дома 97025 Регионална библиотека "Любен Каравелов" Русе Регионална библиотека "Любен Каравелов" Русе Заемна - подръчен фонд 1993-01-01 Заемна - подръчен фонд 6.00 657542 П 101(091)/Т 75 657542 5 3.07 Дост: Pk Вид: Ф N: стар фонд Дата: 01.01.1993 Дата инв: 01.02.2018 Бележки инв: П2018 Книги  
  Не е изгубен Universal Decimal Classification Не е повреден без рестрикции заемане за дома 97026 Регионална библиотека "Любен Каравелов" Русе Регионална библиотека "Любен Каравелов" Русе Заемна - подръчен фонд 1993-01-01 Заемна - подръчен фонд 6.00 657543 П 101(091)/Т 75 120000657543 6 3.07 Дост: Pk Вид: Ф N: стар фонд Дата: 01.01.1993 Дата инв: 01.02.2018 Бележки инв: П2018 Книги  
Изтеглен Не е изгубен Universal Decimal Classification Не е повреден без рестрикции заемане за дома 97027 Регионална библиотека "Любен Каравелов" Русе Регионална библиотека "Любен Каравелов" Русе Заемна - подръчен фонд 1993-01-01 Заемна - подръчен фонд 3.04 594529 П 101(091)/Т 75 594529 7 1.55 Дост: Pk Вид: Ф N: стар фонд Дата: 01.01.1993 Дата инв: 01.02.2018 Бележки инв: П2018 Книги  
Vip Innovations Ltd, Rousse, Bulgaria 2025